La opinión pública (Registro nro. 175079)

Detalles MARC
000 -LEADER
campo de control de longitud fija 00918nam a2200241 i 4500
001 - NÚMERO DE CONTROL
campo de control 175079
003 - IDENTIFICADOR DE NÚMERO DE CONTROL
campo de control ES-MaACL
005 - FECHA Y HORA DE LA ÚLTIMA TRANSACCIÓN
campo de control 20250813063336.0
008 - DATOS DE LONGITUD FIJA--INFORMACIÓN GENERAL
campo de control de longitud fija 101005s2009 sp a |||| | spa d
020 ## - NÚMERO INTERNACIONAL ESTÁNDAR DEL LIBRO
Número Internacional Estándar del Libro 978-84-8102-552-1
080 ## - NÚMERO DE LA CLASIFICACIÓN DECIMAL UNIVERSAL
Número de la Clasificación Decimal Universal 821.134.2-22"18"
080 ## - NÚMERO DE LA CLASIFICACIÓN DECIMAL UNIVERSAL
Número de la Clasificación Decimal Universal 821.134.2-23"19"
100 1# - ENTRADA PRINCIPAL--NOMBRE DE PERSONA
Nombre de persona Cano, Leopoldo,
Fechas asociadas al nombre 1844-1933
9 (RLIN) 141206
245 13 - MENCIÓN DEL TÍTULO
Título La opinión pública
Resto del título : drama en tres actos y en verso /
Mención de responsabilidad, etc. Leopoldo Cano y Masas . Voz del pueblo : parodia del drama en tres actos "La opinión pública" / José de Fuentes y Conrado Solsona ; Gonzalo Capellán de Miguel, editor.
246 30 - FORMA VARIANTE DEL TITULO
Título propio/Titulo breve Voz del pueblo
260 ## - PUBLICACIÓN, DISTRIBUCIÓN, ETC.
Lugar de publicación, distribución, etc. Santander :
Nombre del editor, distribuidor, etc. AcOPos,
Fecha de publicación, distribución, etc. 2009.
300 ## - DESCRIPCIÓN FÍSICA
Extensión 158 p. :
Otras características físicas il. ;
Dimensiones 41 cm.
700 1# - ENTRADA AGREGADA--NOMBRE PERSONAL
Nombre de persona Solsona y Baselga, Conrado.
9 (RLIN) 132808
700 1# - ENTRADA AGREGADA--NOMBRE PERSONAL
Nombre de persona Fuentes, José de.
9 (RLIN) 139998
700 1# - ENTRADA AGREGADA--NOMBRE PERSONAL
Nombre de persona Capellán de Miguel, Gonzalo.
9 (RLIN) 34825
852 ## - LOCALIZACIÓN
Ubicación ES-MaACL
Número de control de estantería C-1059
Existencias
Estatus retirado Estado de pérdida Estado de daño No para préstamo Biblioteca de origen Biblioteca actual Ubicación en estantería Fecha de adquisición Fuente de adquisición Total de préstamos Signatura topográfica completa Código de barras Visto por última vez Precio de reemplazo Tipo de ítem Koha
        Biblioteca del Ateneo de Madrid Biblioteca del Ateneo de Madrid Sala Palomar 05/10/2010     C-1059 1183836 23/02/2023 23/02/2023 Libro impreso